Grass-Root people
Kaydedildi:
| Yazar: | |
|---|---|
| Materyal Türü: | Kitap |
| Dil: | Undetermined |
| Baskı/Yayın Bilgisi: |
La Habana, Cuba
Casa de las Américas
1981
|
| Konular: | |
| Etiketler: |
Etiketle
Etiket eklenmemiş, İlk siz ekleyin!
|
MARC
| LEADER | 00000nam a2200000Ia 4500 | ||
|---|---|---|---|
| 008 | 170316s9999 xx 000 0 und d | ||
| 040 | |a cru BVZT | ||
| 090 | |a 810 N-1g | ||
| 100 | |a Narain, Harry | ||
| 245 | |a Grass-Root people | ||
| 260 | |a La Habana, Cuba | ||
| 260 | |b Casa de las Américas | ||
| 260 | |c 1981 | ||
| 300 | |a 109 páginas | ||
| 650 | |a LITERATURA ESTADOUNIDENSE | ||
| 999 | |c 5978 |d 5978 | ||
| 942 | |c 15 D |h 810 N-1g |2 z | ||
